Language Quiz

Random Language or Letter Quiz

3+3+3 Word Builder Quiz Stats

 Plays Quiz Updated Feb 27, 2020

Support Sporcle.
Go Orange.
Score 0/69 Timer 15:00
1 Play Today
% Correct
SEXsextuplet
78.5%
TUPsextuplet
78.5%
LETsextuplet
78.5%
SIXsixteenth
76.7%
TEEsixteenth
76.7%
NTHsixteenth
76.7%
TENforgotten
70.3%
FORforgotten
70.3%
GOTforgotten
70.3%
ASSassailant
67.6%
AILassailant
67.6%
ANTassailant
67.6%
SUPsupernova
64%
OVAsupernova
64%
ERNsupernova
64%
ROCmicrochip
63.8%
MICmicrochip
63.8%
HIPmicrochip
63.8%
USEfarmhouse
63.8%
MHOfarmhouse
63.8%
FARfarmhouse
63.8%
AFTafterglow
59.3%
ERGafterglow
59.3%
LOWafterglow
59.3%
CAMcameraman
57.1%
MANcameraman
57.1%
ERAcameraman
57.1%
TRYcarpentry
56.1%
CARcarpentry
56.1%
PENcarpentry
56.1%
GODgodfather
55.8%
FATgodfather
55.8%
HERgodfather
55.8%
TICantarctic
55.4%
ANTantarctic
55.4%
% Correct
ARCantarctic
55.4%
ALErationale
51%
RATrationale
51%
IONrationale
51%
FURfurthered
50.4%
THEfurthered
50.4%
REDfurthered
50.4%
ILLcotillion
49.2%
COTcotillion
49.2%
IONcotillion
49.2%
VOWvowelless
48.5%
ELLvowelless
48.5%
ESSvowelless
48.5%
THEtherefore
48.1%
OREtherefore
48.1%
REFtherefore
48.1%
PENpentagram
46.4%
TAGpentagram
46.4%
RAMpentagram
46.4%
AGEentourage
45.9%
ENTentourage
45.9%
OURentourage
45.9%
GASrutabagas
43.6%
RUTrutabagas
43.6%
ABArutabagas
43.6%
TICpetticoat
40.9%
OATpetticoat
40.9%
PETpetticoat
40.9%
PARparalegal
39.3%
ALEparalegal
39.3%
GALparalegal
39.3%
EVEredevelop
36.2%
REDredevelop
36.2%
LOPredevelop
36.2%

From the Vault

Know It: Literature II

by BanjoZebra

You also have to know it, too.
Remove Ads.
Support Sporcle.
Get the best of Sporcle when you Go Orange. This ad-free experience offers more features, more stats, and more fun while also helping to support Sporcle. Thank you for becoming a member.

Show Comments

Extras

Top Quizzes Today


Score Distribution

Your Account Isn't Verified!

In order to create a playlist on Sporcle, you need to verify the email address you used during registration. Go to your Sporcle Settings to finish the process.

Report this User

Report this user for behavior that violates our Community Guidelines.

Details: